000 00357cam a22001457a 4500
008 180718b1962 xxu||||| |||| 00| 0 eng d
082 _aABx54 G346
100 _aGhurye, G.S.
245 _aGods and men
_cby G.S. Ghurye
260 _aBombay
_bPopular
_c1962
300 _a300p.
500 _aRs.20.00
650 _aGods - INdia
650 _aReligion - India
999 _c366375
_d366375